لیلا کے خطوط اور مجنو کی ڑایری کا تنقیدی مطالعہ / (Record no. 171018)
[ view plain ]
| 000 -LEADER | |
|---|---|
| fixed length control field | 00757nam a22002417a 4500 |
| 005 - DATE AND TIME OF LATEST TRANSACTION | |
| control field | 20200102161058.0 |
| 010 ## - LCCN (DPL NO) | |
| LC control number | A-770651 |
| 020 ## - INTERNATIONAL STANDARD BOOK NUMBER | |
| Terms of availability | 50.00 |
| 035 ## - SYSTEM CONTROL NUMBER | |
| System control number | A-770651 |
| 037 ## - SOURCE OF ACQUISITION | |
| Source of stock number/acquisition | BPPD/Pub. |
| 082 ## - DEWEY DECIMAL CLASSIFICATION NUMBER | |
| Classification number | 840.8 |
| 100 ## - MAIN ENTRY--PERSONAL NAME | |
| Personal name | امیر عارفی |
| 245 ## - TITLE STATEMENT | |
| Title | لیلا کے خطوط اور مجنو کی ڑایری کا تنقیدی مطالعہ / |
| Statement of responsibility, etc | امیر عارفی |
| 246 ## - VARYING FORM OF TITLE | |
| Title proper/short title | Laila Ke Khatoot Aur Majnu Ki Diary Ka Tanqeedi Mutalaa (Urdu) / |
| Remainder of title | by Amir Arifi |
| 260 ## - PUBLICATION, DISTRIBUTION, ETC. (IMPRINT) | |
| Name of publisher, distributor, etc | - |
| Place of publication, distribution, etc | - |
| Date of publication, distribution, etc | 1994 ء |
| 270 ## - ADDRESS | |
| Address | - |
| City | - |
| Postal code | - |
| 300 ## - PHYSICAL DESCRIPTION | |
| Extent | 144p. |
| Dimensions | 20cm(Hb) |
| 650 ## - SUBJECT ADDED ENTRY--TOPICAL TERM | |
| Topical term or geographic name as entry element | ادب -- اردو |
| 650 ## - SUBJECT ADDED ENTRY--TOPICAL TERM | |
| Topical term or geographic name as entry element | اردو افسانے |
| 650 ## - SUBJECT ADDED ENTRY--TOPICAL TERM | |
| Topical term or geographic name as entry element | Literature -- urdu |
| 650 ## - SUBJECT ADDED ENTRY--TOPICAL TERM | |
| Topical term or geographic name as entry element | Urdu stories |
| 942 ## - ADDED ENTRY ELEMENTS (KOHA) | |
| Source of classification or shelving scheme | Dewey Decimal Classification |
| Item type | Urdu Bks |
| Classification part | 840.8 |
| Call number suffix | ا م ی |
| Withdrawn status | Lost status | Not for loan | Collection code | Home library | Current library | Date acquired | Source of acquisition | Cost, normal purchase price | Full call number | Barcode | Copy number | Cost, replacement price | Koha item type |
|---|---|---|---|---|---|---|---|---|---|---|---|---|---|
| Non-fiction | Central Library | Central Library | 02/01/2020 | BPPD/Ven. | 50.00 | 840.8 ا م ی | A-770651 | 1 | 50.00 | Urdu Bks |
